| 000 | 00451nam a22001817a 4500 | ||
|---|---|---|---|
| 003 | MPLRDC | ||
| 005 | 20220104114130.0 | ||
| 008 | 210129b ||||| |||| 00| 0 eng d | ||
| 020 | _a962-04-0638-9 | ||
| 082 | _a782.878 LLY c.2 | ||
| 100 | _a李玉川、黄学通 | ||
| 245 |
_a太监李莲英外传 _c |
||
| 250 | _a一版一刷 | ||
| 260 |
_a _b南粤出版社 _c1988 |
||
| 300 | _b平 | ||
| 650 | _a李莲英传记 | ||
| 942 |
_cBK _o782.878 LLY c.2 |
||
| 999 |
_c5078 _d5068 |
||